| 000 | 01093nam a22002531 4500 | ||
|---|---|---|---|
| 001 | 33227 | ||
| 003 | BD-RjUL | ||
| 005 | 20211209051953.0 | ||
| 008 | 140430s1959 nyua b 101 0 eng | ||
| 035 | _a(BD-RjUL)33318 | ||
| 040 |
_aDLC _cDLC _dBD-RjUL _beng |
||
| 041 | _aeng | ||
| 082 | 0 | 0 |
_a301.082 _bSOC 1959 |
| 110 | 2 |
_aAmerican Sociological Association. _9140620 |
|
| 245 | 1 | 0 |
_aSociology today : _cEdited by Robert K. Merton, Leonard Broom [and] Leonard S. Cottrell, Jr., under the auspices of the American Sociological Society. _bproblems and prospects / |
| 260 |
_aNew York : _bBasic Books, _cc1959. |
||
| 300 |
_axxxiv, 623 p. : _bill., diagrs., tables. ; _c24 cm. |
||
| 500 | _a"Papers ... [prepared] for the annual meeting of the American Sociological Society in 1957 ... [edited by the] editorial board composed of the president of the society and the editors of its two journals." | ||
| 504 | _aIncludes bibliographical references and index. | ||
| 650 | 0 |
_aSociology. _9100907 |
|
| 700 | 1 |
_aMerton, Robert King _d1910-2003, _eed. _97046 |
|
| 942 |
_2ddc _cBK |
||
| 999 |
_c33227 _d33227 |
||